000 00757nab a2200217 ab4500
005 20240920063736.0
008 991125c2019 mx qr p o 000 0 spa d
035 _aUPN01000226552
040 _aMX-MxUPN
_bspa
_cMX-MxUPN
_eaacr2
049 _aART-E
100 _953269
_aHamui Sutton, Liz
245 1 0 _aIdentidad docente del profesorado de educación continua
_h[recurso electrónico en línea]
506 0 _aAcceso abierto
650 4 _aEducación permanente
_97280
653 _aIdentidad docente
773 _gVol. 53, no. 210 (2024), p. 151-154
_tRevista de la educación superior
_x2395-9037
856 4 _uhttp://resu.anuies.mx/ojs/index.php/resu/article/view/2856
902 _aLeonor Sotres/260824
905 _aArticulo
942 _cART-E
999 _c211655
_d211655